000 00879nam a22001937a 4500
003 OSt
005 20170426083406.0
008 150407b xxu||||| |||| 00| 0 eng d
040 _cCRI
082 _a375.008
100 _941110
_aPonce Molina, Santos Remberto
245 1 0 _aPropuesta didáctica de desarrollo curricular de matemática en noveno grado educación básica (Unidades 3, 4 y 6)
_b: Proyecto
_cSantos Remberto Ponce Molina
260 _aIlobasco (Cabañas)
_bUniversidad Católica de El Salvador
_c2012
300 _a150 p.
_c27 cm
_e+ 1 disco compacto
502 _aTrabajo de graduación para optar al grado académico de Licenciado/a en Ciencias de la Educación Especialidad en Matemática
650 0 _97260
_aProyecto curricular de centro
710 _940915
_aUniversidad Católica de El Salvador
_bCentro Regional de Ilobasco
942 _2ddc
_cTG
_hprozim
999 _c27590
_d27590